Normal view
MARC view
- Finances
Entry Topical Term
001 - CONTROL NUMBER
- control field: 19899
003 - CONTROL NUMBER IDENTIFIER
- control field: NUST
005 - DATE AND TIME OF LATEST TRANSACTION
- control field: 20190904101023.0
008 - FIXED-LENGTH DATA ELEMENTS
- fixed length control field: 190904|| aca||aabn | a|a d
040 ## - CATALOGING SOURCE
- Original cataloging agency: NUST
- Transcribing agency: NUST
150 ## - HEADING--TOPICAL TERM
- Topical term or geographic name entry element: Finances
- Geographic subdivision: Pays en voie de développement
- Form subdivision: Statistiques
- Form subdivision: Périodiques.
670 ## - SOURCE DATA FOUND
- Source citation: Work cat.: (NUST)0: The World Bank 19583, The little book on external debt /, 2008.
